00851nam a2200229 a 4500999001300000001000400013003000900017005001700026008004100043020001500084040003300099082002200132245007300154260007400227300004900301504004100350650002800391651003300419651003700452942001200489952012000501 c908d908947BD-DhUAP20200129095345.0200129s1997 bg a b 000 0 eng d a984051385X aDLCcBD-DhUAPbEngdBD-DhUAP00a338.95492 GRO22300aGrowth or stagnation? :ba review of Bangladesh's development, 1996. aDhaka :bCentre for Policy Dialogue :bUniversity Press Ltd.,cc1997. axxxvii, 517 pages :billustrations ;c25 cm. aIncludes bibliographical references. 0aRural poorzBangladesh. 0aBangladeshxEconomic policy. 0aBangladeshxEconomic conditions. 2ddccBK 00102ddc4070aUAPCLbUAPCLcGeneral Stacksd2020-01-29o338.95492 GROp3010000947r2020-01-29t1w2020-01-29yBK